Kraje z jednym złotym medalem na Igrzyskach Olimpijskich 2024 - Statystyki

Ogólne statystyki
  • Ten quiz został rozwiązany 13 razy
  • Średni wynik to 5 z 23
Statystyki odpowiedzi
Kraj % Poprawnych
Polska
100%
Chile
33%
Etiopia
33%
Grecja
33%
Izrael
33%
Portugalia
33%
Ekwador
25%
Jamajka
25%
Kazachstan
25%
Maroko
25%
Pakistan
25%
Argentyna
17%
Dominika
17%
Dominikana
17%
Egipt
17%
Republika Południowej Afryki
17%
Saint Lucia
17%
Szwajcaria
17%
Uganda
17%
Botswana
8%
Tunezja
8%
Gwatemala
0%
Tajlandia
0%
Nie znaleziono quizów pasujących do podanych kryteriów
Rozkład punktacji
Procent ludzi z każdym wynikiem
Percentyl według liczby udzielonych odpowiedzi
Twoja historia wyników
Nie rozwiązałeś tego quizu